Welcome to the Holygrace Academy Library

Please use search bar below to get started

SIET KERALA GENERAL SUBJECTS (Record no. 7949)

MARC details
000 -LEADER
fixed length control field 00326nam a22001217a 4500
082 ## - DEWEY DECIMAL CLASSIFICATION NUMBER
Classification number 001
Item number SIE/G
100 ## - MAIN ENTRY--AUTHOR NAME
Personal name GOVERNMENT OF KERALA
245 ## - TITLE STATEMENT
Title SIET KERALA GENERAL SUBJECTS
Remainder of title MEMORY, HOW TO IMPROVE MEMORY
260 ## - PUBLICATION, DISTRIBUTION, ETC. (IMPRINT)
Place of publication NEW DELHI
Name of publisher STATE INSTITUTE OF EDUCATIONAL TECHNOLOGY
300 ## - PHYSICAL DESCRIPTION
Other physical details CD
520 ## - SUMMARY, ETC.
Summary, etc REFERENCE
942 ## - ADDED ENTRY ELEMENTS (KOHA)
Koha item type Books
Holdings
Withdrawn status Lost status Collection code Home library Current library Shelving location Date acquired Source of acquisition Cost, normal purchase price Full call number Accession Number Koha item type
    Reference Main Library Main Library Audio Visual 25/04/2006 Purchase 200.00 001 SIE/G 02636 Visual Materials